000 01096nam a2200241 a 4500
001 000023641
003 AM-YEHGA
005 20250618070844.0
008 980225s1979 ai ||||| |||||||||||arm d
040 _aAM-YeHGA
041 0 _aarm
100 1 _aԱսմարյան, Լևոն Աշոտի,
_d1922-1993
_91489
245 1 0 _aՀայ գրական քննադատությունը XIX դարի 70-80-ական թվականներին /
_cԼ.Ա. Ասմարյան; Խմբ. Պ.Հ. Հակոբյան; ՀՍՍՀ ԳԱ, Մ. Աբեղյանի անվ. գրակ. ին-տ.
246 3 _aАрмянская литературная критика 70-80 гг. XIX века
260 _aԵրևան :
_bՀՍՍՀ ԳԱ հրատ.,
_c1979.
300 _a351 էջ ;
_c21 սմ.
500 _aՏողատակի ծանոթագր.
650 1 4 _aՀայ գրականագիտություն
_94862
700 1 _aՀակոբյան, Պիոն Հովսեփի,
_d1926-2000
_eխմբ.
_4edt
_91206
710 2 _aՄ. Աբեղյանի անվան գրակականության ինստիտուտ ՀՍՍՀ ԳԱ
942 _2udc
_cBK
090 _c9487
999 _c9422
_d9422